Najwięksi zbrodniarze w historii ludzkości - Statystyki

Ogólne statystyki
  • Ten quiz został rozwiązany 154 razy
  • Średni wynik to 4 z 8
Statystyki odpowiedzi
Ofiary Odpowiedzi % Poprawnych
17 milionów Adolf Hitler
100%
60 milionów Józef Stalin
100%
60 milionów Mao Zedong
72%
6 milionów Włodzimierz Lenin
45%
1,5-3 milionów Pol Pot
40%
40 milionów Czyngis chan
24%
6-8 milionów Leopold II
22%
2-3 milionów Iwan IV Groźny
6%
Nie znaleziono quizów pasujących do podanych kryteriów
Rozkład punktacji
Procent ludzi z każdym wynikiem
Percentyl według liczby udzielonych odpowiedzi
Twoja historia wyników
Nie rozwiązałeś tego quizu